[Event "EU-ch 23rd"]
[Site "Vrnjacka Banja"]
[Date "2023.03.13"]
[Round "11"]
[White "Czerw, Dawid"]
[Black "Savicevic, Vlatko"]
[Result "1-0"]
[WhiteElo "2404"]
[BlackElo "2268"]
[PlyCount "51"]
[EventDate "2023.03.03"]
[EventType "swiss"]
[EventRounds "11"]
[EventCountry "SRB"]
[SourceTitle "CBM 213"]
[Source "ChessBase"]
[SourceDate "2023.04.30"]
[SourceVersion "1"]
[SourceVersionDate "2023.04.30"]
[SourceQuality "1"]

1. e4 d6 2. d4 Nf6 3. Nc3 g6 4. f4 Bg7 5. Nf3 0-0 6. Bd3 Nc6 7. 0-0 Bg4 8. e5 Bxf3 9. Rxf3 dxe5 10. dxe5 Ng4 11. Qe1 Nd4 12. Rf1 f6 13. h3 Nh6 14. Qe4 fxe5 15. fxe5 Rxf1+ 16. Bxf1 Kh8 17. Bf4 c5 18. Nd1 Nc6 19. c3 Nf7 20. e6 Nfe5 21. Ne3 Qg8 22. Nc4 Nxc4 23. Bxc4 Rf8 24. Bd5 Rf5 25. g4 Rf8 26. Bd6 1-0

[Event "EU-ch 23rd"]
[Site "Vrnjacka Banja"]
[Date "2023.03.09"]
[Round "7"]
[White "Akbas, Umut Ata"]
[Black "Savicevic, Vlatko"]
[Result "1-0"]
[WhiteElo "2419"]
[BlackElo "2268"]
[PlyCount "81"]
[EventDate "2023.03.03"]
[EventType "swiss"]
[EventRounds "11"]
[EventCountry "SRB"]
[SourceTitle "CBM 213"]
[Source "ChessBase"]
[SourceDate "2023.04.30"]
[SourceVersion "1"]
[SourceVersionDate "2023.04.30"]
[SourceQuality "1"]

1. d4 d5 2. c4 e6 3. Nc3 Be7 4. Nf3 Nf6 5. Bf4 0-0 6. e3 b6 7. a3 c5 8. dxc5 bxc5 9. Be2 Bb7 10. h3 Nbd7 11. 0-0 Qb6 12. cxd5 exd5 13. Qc2 Rac8 14. Rfd1 h6 15. Nh4 Rfd8 16. Nf5 Bf8 17. Bf3 Qe6 18. Nb5 Ne5 19. Bxe5 Qxe5 20. Nxa7 Rb8 21. a4 h5 22. Nb5 Ba6 23. Be2 Ne4 24. Nh4 Rb6 25. Nf3 Qb8 26. Bd3 Nf6 27. b3 Bc8 28. Rd2 Be7 29. Rad1 Bd7 30. Qc3 Bc6 31. Qe5 Qb7 32. Qf4 Be8 33. Rc2 Bd7 34. Rdc1 Ne4 35. Qe5 Re6 36. Qc7 Qa6 37. Ne5 Be8 38. Nd4 Qb6 39. Nxe6 Qxe6 40. Bxe4 dxe4 41. Rxc5 1-0

[Event "EU-ch 23rd"]
[Site "Vrnjacka Banja"]
[Date "2023.03.07"]
[Round "5"]
[White "Fataliyeva, Ulviyya Hasil Qizi"]
[Black "Savicevic, Vlatko"]
[Result "1-0"]
[WhiteElo "2427"]
[BlackElo "2268"]
[PlyCount "51"]
[EventDate "2023.03.03"]
[EventType "swiss"]
[EventRounds "11"]
[EventCountry "SRB"]
[SourceTitle "CBM 213"]
[Source "ChessBase"]
[SourceDate "2023.04.30"]
[SourceVersion "1"]
[SourceVersionDate "2023.04.30"]
[SourceQuality "1"]

1. Nf3 d5 2. d4 Nf6 3. Bf4 e6 4. e3 c5 5. c3 Nc6 6. Nbd2 Bd6 7. Bg3 0-0 8. Bd3 Qe7 9. Ne5 Nd7 10. Nxd7 Qxd7 11. dxc5 Bxc5 12. e4 dxe4 13. Nxe4 Be7 14. Qc2 e5 15. h4 Kh8 16. Ng5 f5 17. 0-0-0 Qe8 18. Bc4 Bxg5+ 19. hxg5 Be6 20. Bb5 Qg6 21. Bxc6 bxc6 22. Bxe5 Qxg5+ 23. f4 Qg6 24. Rd3 Rad8 25. Rdh3 Bg8 26. g4 1-0

[Event "EU-ch 23rd"]
[Site "Vrnjacka Banja"]
[Date "2023.03.05"]
[Round "3"]
[White "Willow, Jonah B"]
[Black "Savicevic, Vlatko"]
[Result "1/2-1/2"]
[WhiteElo "2459"]
[BlackElo "2268"]
[PlyCount "119"]
[EventDate "2023.03.03"]
[EventType "swiss"]
[EventRounds "11"]
[EventCountry "SRB"]
[SourceTitle "CBM 213"]
[Source "ChessBase"]
[SourceDate "2023.04.30"]
[SourceVersion "1"]
[SourceVersionDate "2023.04.30"]
[SourceQuality "1"]

1. e4 d6 2. d4 Nf6 3. Nc3 g6 4. f4 Bg7 5. Bd3 0-0 6. Nf3 Nc6 7. Be2 e6 8. 0-0 Ne7 9. a4 b6 10. a5 Bb7 11. e5 Ne4 12. Nxe4 Bxe4 13. Ng5 Bc6 14. Bf3 d5 15. Be2 h6 16. Nf3 Qd7 17. Bd2 Bb5 18. Bb4 Bxe2 19. Qxe2 Rfc8 20. Bxe7 Qxe7 21. g4 c5 22. c3 Rab8 23. Kh1 cxd4 24. Nxd4 bxa5 25. Rxa5 Rb6 26. Rfa1 Ra8 27. b4 Qc7 28. Rc5 Qd7 29. Qd3 Bf8 30. Rca5 Bg7 31. Rd1 Qc7 32. Rc5 Qd7 33. Qg3 a5 34. Ra1 a4 35. Qe1 Qb7 36. Qe2 a3 37. Ra2 Bf8 38. Rb5 Rxb5 39. Qxb5 Qa7 40. f5 exf5 41. gxf5 gxf5 42. Qxd5 Kh8 43. Nb5 Qb8 44. Nd6 Ra7 45. Nxf7+ Kh7 46. Nd6 Qd8 47. Qf3 Bxd6 48. exd6 Qxd6 49. Qxf5+ Kh8 50. Qc8+ Kh7 51. Qf5+ Kh8 52. Qf3 Qg6 53. Qf8+ Kh7 54. Qf2 Qb1+ 55. Qg1 Qxa2 56. Qxa7+ Kg6 57. Qb6+ Kf5 58. Qc5+ Ke6 59. Qb6+ Ke5 60. Qe3+ 1/2-1/2

[Event "SRB-ch Rapid"]
[Site "Paracin"]
[Date "2022.06.04"]
[Round "8"]
[White "Savicevic, Vlatko"]
[Black "Ivanovic, Marko"]
[Result "1-0"]
[WhiteElo "2284"]
[BlackElo "2294"]
[PlyCount "77"]
[EventDate "2022.06.04"]
[EventType "swiss (rapid)"]
[EventRounds "9"]
[EventCountry "SRB"]
[SourceTitle "CBM 208 Extra"]
[Source "ChessBase"]
[SourceDate "2022.07.31"]
[SourceVersion "1"]
[SourceVersionDate "2022.07.31"]
[SourceQuality "1"]

1. e4 e5 2. Nf3 Nc6 3. Bb5 a6 4. Ba4 Nf6 5. 0-0 b5 6. Bb3 Bc5 7. c3 d6 8. a4 Rb8 9. d4 Bb6 10. axb5 axb5 11. Qd3 0-0 12. Bg5 h6 13. Bh4 Bd7 14. Nbd2 Qe8 15. Bxf6 gxf6 16. Rfe1 Kh7 17. Nf1 Ne7 18. Ng3 Rg8 19. Nh5 Kg6 20. Bd1 Bg4 21. Nxe5+ fxe5 22. Bxg4 f6 23. Qh3 Qf8 24. Bf5+ Kf7 25. Be6+ Ke8 26. Bxg8 Nxg8 27. Qe6+ Kd8 28. Re3 Qe8 29. Qg4 exd4 30. Rg3 Ke7 31. Nf4 Qf7 32. Nd5+ Kf8 33. Nxb6 cxb6 34. Ra7 Ne7 35. cxd4 h5 36. Qf4 Rc8 37. h3 Qe6 38. Qh6+ Ke8 39. Qh8+ 1-0

[Event "SRB-chT 1st League CS"]
[Site "Bajina Basta"]
[Date "2021.10.02"]
[Round "10.1"]
[White "Enchev, Ivajlo"]
[Black "Savicevic, Vlatko"]
[Result "1/2-1/2"]
[WhiteElo "2471"]
[BlackElo "2301"]
[PlyCount "56"]
[EventDate "2021.09.26"]
[EventType "team-tourn"]
[EventRounds "11"]
[EventCountry "SRB"]
[SourceTitle "EXT 2023"]
[Source "ChessBase"]
[SourceDate "2022.10.05"]
[SourceVersion "1"]
[SourceVersionDate "2022.10.05"]
[SourceQuality "1"]
[WhiteTeam "Smederevska Palanka Jasenica"]
[BlackTeam "Kosovska Mitrovica"]
[WhiteTeamCountry "SRB"]
[BlackTeamCountry "SRB"]

1. e4 Nf6 2. e5 Nd5 3. d4 d6 4. Nf3 Bg4 5. Be2 e6 6. 0-0 Be7 7. c4 Nb6 8. h3 Bh5 9. exd6 cxd6 10. Nc3 0-0 11. Be3 Nc6 12. d5 exd5 13. Nxd5 Nxd5 14. Qxd5 Bg6 15. Qb5 Qc8 16. Rfd1 Rd8 17. Rd2 b6 18. Rad1 Qc7 19. Nd4 Nxd4 20. Bxd4 Be4 21. Qb3 Qc6 22. Qg3 Bf8 23. Bf6 Re8 24. Rxd6 Qa4 25. R6d2 Re6 26. Bf3 Qxa2 27. Bxe4 Rxe4 28. Rd8 Re8 1/2-1/2

[Event "SRB-chT 1st League CS"]
[Site "Bajina Basta"]
[Date "2021.10.01"]
[Round "9.1"]
[White "Savicevic, Vlatko"]
[Black "Dizdarevic, Emir"]
[Result "1/2-1/2"]
[WhiteElo "2301"]
[BlackElo "2417"]
[PlyCount "37"]
[EventDate "2021.09.26"]
[EventType "team-tourn"]
[EventRounds "11"]
[EventCountry "SRB"]
[SourceTitle "EXT 2023"]
[Source "ChessBase"]
[SourceDate "2022.10.05"]
[SourceVersion "1"]
[SourceVersionDate "2022.10.05"]
[SourceQuality "1"]
[WhiteTeam "Kosovska Mitrovica"]
[BlackTeam "Kraljevo Sloga"]
[WhiteTeamCountry "SRB"]
[BlackTeamCountry "SRB"]

1. e4 c6 2. d4 d5 3. exd5 cxd5 4. Bd3 Nc6 5. c3 e6 6. Bf4 Nge7 7. Nf3 Ng6 8. Bg3 Bd6 9. Bxd6 Qxd6 10. 0-0 Bd7 11. Re1 0-0 12. Nbd2 Nge7 13. Qe2 f6 14. Rad1 Rae8 15. c4 b6 16. a3 Nf5 17. Bxf5 exf5 18. Qd3 g6 19. b4 1/2-1/2

[Event "SRB-chT 1st League CS"]
[Site "Bajina Basta"]
[Date "2021.09.29"]
[Round "6.1"]
[White "Celik, Hasan Huseyin"]
[Black "Savicevic, Vlatko"]
[Result "1-0"]
[WhiteElo "2370"]
[BlackElo "2301"]
[PlyCount "65"]
[EventDate "2021.09.26"]
[EventType "team-tourn"]
[EventRounds "11"]
[EventCountry "SRB"]
[SourceTitle "EXT 2023"]
[Source "ChessBase"]
[SourceDate "2022.10.05"]
[SourceVersion "1"]
[SourceVersionDate "2022.10.05"]
[SourceQuality "1"]
[WhiteTeam "Cacak Borac"]
[BlackTeam "Kosovska Mitrovica"]
[WhiteTeamCountry "SRB"]
[BlackTeamCountry "SRB"]

1. e4 d6 2. d4 Nf6 3. Nc3 g6 4. Be3 c6 5. h3 Qa5 6. Qd2 Nbd7 7. f4 Bg7 8. Nf3 0-0 9. Bd3 e5 10. 0-0 Re8 11. Rae1 Qc7 12. dxe5 dxe5 13. f5 b5 14. Ng5 Bb7 15. Ne2 a6 16. Ng3 Rad8 17. Qe2 Re7 18. h4 c5 19. c4 Nb6 20. cxb5 c4 21. Bc2 axb5 22. h5 Qc6 23. Qf3 Na4 24. Nxf7 Rxf7 25. fxg6 hxg6 26. hxg6 Rff8 27. Nf5 Rd7 28. Qh3 Rfd8 29. Bg5 Qb6+ 30. Kh1 Bc8 31. Qh4 Rf8 32. Nxg7 Rxg7 33. Bxf6 1-0

[Event "Belgrade Serbia op"]
[Site "Belgrade"]
[Date "2021.07.07"]
[Round "8"]
[White "Savicevic, Vlatko"]
[Black "Defromont, Benjamin"]
[Result "1/2-1/2"]
[WhiteElo "2315"]
[BlackElo "2246"]
[PlyCount "72"]
[EventDate "2021.07.02"]
[EventType "swiss"]
[EventRounds "9"]
[EventCountry "SRB"]
[SourceTitle "EXT 2022"]
[Source "ChessBase"]
[SourceDate "2021.10.06"]
[SourceVersion "1"]
[SourceVersionDate "2021.10.06"]
[SourceQuality "1"]

1. e4 e5 2. Nf3 Nc6 3. Bb5 a6 4. Ba4 Nf6 5. 0-0 Be7 6. Re1 b5 7. Bb3 d6 8. c3 0-0 9. a4 Na5 10. Bc2 Bb7 11. d4 Re8 12. Nbd2 Bf8 13. b4 Nc6 14. d5 Ne7 15. Nb3 c6 16. Na5 Qc7 17. Nxb7 Qxb7 18. dxc6 Qxc6 19. Bd2 Ng6 20. Qe2 Nf4 21. Qf1 Nd7 22. g3 Ne6 23. a5 Nc7 24. Bb3 d5 25. exd5 Nxd5 26. Qd3 N5f6 27. Ng5 Re7 28. Ne4 Nxe4 29. Qxe4 Qxe4 30. Rxe4 Nf6 31. Re2 Rc8 32. Rc1 Rec7 33. Rxe5 Bxb4 34. cxb4 Rxc1+ 35. Bxc1 Rxc1+ 36. Kg2 Rb1 1/2-1/2

[Event "SRB-ch sf"]
[Site "Novi Banovci"]
[Date "2020.02.28"]
[Round "7"]
[White "Savicevic, Vlatko"]
[Black "Tadic, Stefan"]
[Result "1-0"]
[WhiteElo "2337"]
[BlackElo "2106"]
[PlyCount "69"]
[EventDate "2020.02.24"]
[EventType "swiss"]
[EventRounds "9"]
[EventCountry "SRB"]
[SourceTitle "EXT 2021"]
[Source "ChessBase"]
[SourceDate "2020.10.23"]
[SourceVersion "1"]
[SourceVersionDate "2020.10.23"]
[SourceQuality "1"]

1. e4 c5 2. Ne2 Nc6 3. Nbc3 g6 4. g3 Bg7 5. Bg2 d6 6. d3 Rb8 7. 0-0 b5 8. h3 e6 9. a3 a5 10. a4 b4 11. Nb5 Ba6 12. c3 bxc3 13. bxc3 Bxb5 14. axb5 Rxb5 15. Qa4 Qb6 16. d4 cxd4 17. Nxd4 Bxd4 18. cxd4 Nge7 19. d5 Nb4 20. Be3 Qb8 21. Bh6 Nc8 22. Rfc1 Ke7 23. Bf1 Rc5 24. Be3 Nb6 25. Qb3 Rxc1 26. Bxc1 Qc7 27. Rxa5 Qxc1 28. Qxb4 Nd7 29. Ra7 e5 30. Qa4 Rd8 31. Kg2 Qc8 32. Bb5 f6 33. Bc6 g5 34. Qd1 Kf8 35. Qg4 1-0

[Event "SRB-chT Central"]
[Site "Kragujevac"]
[Date "2018.09.19"]
[Round "8.3"]
[White "Petkov, Vladimir"]
[Black "Savicevic, Vlatko"]
[Result "1-0"]
[WhiteElo "2510"]
[BlackElo "2338"]
[PlyCount "53"]
[EventDate "2018.09.14"]
[EventType "team-tourn"]
[EventRounds "11"]
[EventCountry "SRB"]
[SourceTitle "CBM 186 Extra"]
[Source "ChessBase"]
[SourceDate "2018.08.24"]
[SourceVersion "1"]
[SourceVersionDate "2018.08.24"]
[SourceQuality "1"]
[WhiteTeam "Pirot Progres"]
[BlackTeam "Kosovska Mitrovica"]
[WhiteTeamCountry "SRB"]
[BlackTeamCountry "SRB"]

1. d4 d5 2. c4 e6 3. Nf3 Nf6 4. g3 dxc4 5. Bg2 Nbd7 6. 0-0 a6 7. Nc3 c5 8. Qa4 Be7 9. dxc5 Bxc5 10. Bg5 0-0 11. Qxc4 b5 12. Qh4 Bb7 13. Ne5 Qb6 14. Nxd7 Nxd7 15. Bxb7 Qxb7 16. Rad1 Rac8 17. Ne4 f6 18. Be3 Be7 19. Nd6 Bxd6 20. Rxd6 Rfe8 21. Rfd1 Re7 22. b3 Rc7 23. Qh3 Nf8 24. Qg2 Rc2 25. Qxb7 Rxb7 26. Rxa6 Rxe2 27. a4 1-0

[Event "SRB-chT Central"]
[Site "Kragujevac"]
[Date "2018.09.18"]
[Round "6.2"]
[White "Popchev, Milko"]
[Black "Savicevic, Vlatko"]
[Result "0-1"]
[WhiteElo "2267"]
[BlackElo "2338"]
[PlyCount "102"]
[EventDate "2018.09.14"]
[EventType "team-tourn"]
[EventRounds "11"]
[EventCountry "SRB"]
[SourceTitle "CBM 186 Extra"]
[Source "ChessBase"]
[SourceDate "2018.08.24"]
[SourceVersion "1"]
[SourceVersionDate "2018.08.24"]
[SourceQuality "1"]
[WhiteTeam "Valjevo Krusik"]
[BlackTeam "Kosovska Mitrovica"]
[WhiteTeamCountry "SRB"]
[BlackTeamCountry "SRB"]

1. d4 d5 2. Nf3 e6 3. g3 Nf6 4. Bg2 Be7 5. 0-0 b5 6. c3 Bb7 7. Bf4 Nbd7 8. Nbd2 c5 9. Ne5 0-0 10. dxc5 Bxc5 11. a4 g5 12. Nxd7 Nxd7 13. Be3 Bxe3 14. fxe3 Qb6 15. axb5 Qxe3+ 16. Rf2 Ne5 17. Nf1 Qc5 18. e3 Qxb5 19. Qd4 f6 20. Bh3 Rae8 21. b4 Nc6 22. Qd1 Qb6 23. Raa2 Ba6 24. Nd2 Bd3 25. Nf1 Bc4 26. Rad2 Re7 27. Qh5 Kg7 28. Bg2 Bxf1 29. Bxf1 Qxe3 30. Bd3 Kh8 31. Qh6 Kg8 32. Kg2 Ne5 33. Rde2 Qxd3 34. Rxe5 Qg6 35. Qxg6+ hxg6 36. Re1 Kf7 37. Ra1 Rc8 38. Ra3 f5 39. Rd2 Kf6 40. Rd3 g4 41. h3 gxh3+ 42. Kxh3 Rc6 43. Kg2 Rec7 44. Kf2 g5 45. Ke2 Rh7 46. Ra5 a6 47. Re3 f4 48. gxf4 gxf4 49. Rf3 Kf5 50. Kd3 Kg4 51. Rf1 Rh3+ 0-1

[Event "SRB-chT Central"]
[Site "Kragujevac"]
[Date "2018.09.18"]
[Round "7.5"]
[White "Savicevic, Vlatko"]
[Black "Rakhmanov, Alexander"]
[Result "1/2-1/2"]
[WhiteElo "2338"]
[BlackElo "2647"]
[PlyCount "72"]
[EventDate "2018.09.14"]
[EventType "team-tourn"]
[EventRounds "11"]
[EventCountry "SRB"]
[SourceTitle "CBM 186 Extra"]
[Source "ChessBase"]
[SourceDate "2018.08.24"]
[SourceVersion "1"]
[SourceVersionDate "2018.08.24"]
[SourceQuality "1"]
[WhiteTeam "Kosovska Mitrovica"]
[BlackTeam "Vladimirci"]
[WhiteTeamCountry "SRB"]
[BlackTeamCountry "SRB"]

1. e4 c5 2. Nf3 Nf6 3. e5 Nd5 4. Nc3 Nxc3 5. dxc3 e6 6. Bc4 Nc6 7. Qe2 Qb6 8. a3 h6 9. 0-0 Qc7 10. Bf4 b6 11. Rfe1 Bb7 12. Bg3 Be7 13. Rad1 g5 14. h3 0-0-0 15. Ba6 h5 16. Bxb7+ Qxb7 17. Nd2 g4 18. h4 d5 19. exd6 Bxd6 20. Bxd6 Rxd6 21. Nc4 Rxd1 22. Rxd1 Qc7 23. Qe4 Rd8 24. Rxd8+ Kxd8 25. Qh7 Qf4 26. Qd3+ Ke7 27. g3 Qf3 28. Qd6+ Kf6 29. Qd2 Qd5 30. Qh6+ Ke7 31. Ne3 Qe5 32. Qh7 Na5 33. Qg8 Nc4 34. Nxc4 Qe1+ 35. Kg2 Qe4+ 36. Kg1 Qe1+ 1/2-1/2

[Event "SRB-chT Central"]
[Site "Kragujevac"]
[Date "2018.09.17"]
[Round "5.6"]
[White "Savicevic, Vlatko"]
[Black "Soysal, Serkan"]
[Result "1/2-1/2"]
[WhiteElo "2338"]
[BlackElo "2404"]
[PlyCount "39"]
[EventDate "2018.09.14"]
[EventType "team-tourn"]
[EventRounds "11"]
[EventCountry "SRB"]
[SourceTitle "CBM 186 Extra"]
[Source "ChessBase"]
[SourceDate "2018.08.24"]
[SourceVersion "1"]
[SourceVersionDate "2018.08.24"]
[SourceQuality "1"]
[WhiteTeam "Kosovska Mitrovica"]
[BlackTeam "Kragujevac Radnicki"]
[WhiteTeamCountry "SRB"]
[BlackTeamCountry "SRB"]

1. e4 e5 2. Nf3 Nc6 3. Bb5 Nf6 4. d3 Bc5 5. Bxc6 dxc6 6. Qe2 Qe7 7. Nbd2 Bg4 8. h3 Bxf3 9. Nxf3 Nd7 10. c3 0-0 11. 0-0 a5 12. Be3 Rfe8 13. Rfe1 Rad8 14. Rad1 Qe6 15. a3 Bxe3 16. Qxe3 Qb3 17. Rd2 c5 18. Nh4 Qb6 19. Nf5 f6 20. Qg3 1/2-1/2

[Event "Belgrade Summer IM-B 1st"]
[Site "Belgrade"]
[Date "2018.06.25"]
[Round "1"]
[White "Savicevic, Vlatko"]
[Black "Abramovic, Bosko"]
[Result "1-0"]
[WhiteElo "2354"]
[BlackElo "2415"]
[PlyCount "75"]
[EventDate "2018.06.25"]
[EventType "tourn"]
[EventRounds "9"]
[EventCountry "SRB"]
[EventCategory "2"]
[SourceTitle "CBM 185 Extra"]
[Source "ChessBase"]
[SourceDate "2018.07.29"]
[SourceVersion "1"]
[SourceVersionDate "2018.07.29"]
[SourceQuality "1"]

1. e4 e5 2. Nf3 Nc6 3. Bb5 a6 4. Ba4 g6 5. d4 exd4 6. Nxd4 Bg7 7. Nxc6 bxc6 8. Nc3 Ne7 9. Be3 0-0 10. Qd2 d6 11. h4 Be6 12. h5 Qb8 13. 0-0-0 Qb4 14. a3 Qa5 15. Bd4 Bxd4 16. Qxd4 Qg5+ 17. Kb1 c5 18. Qd3 Rab8 19. Rdf1 Qe5 20. f4 Qd4 21. Qg3 Bc4 22. Rd1 Qg7 23. e5 f6 24. h6 Qf7 25. Ne4 fxe5 26. fxe5 Nf5 27. Qc3 Nd4 28. exd6 cxd6 29. Nxd6 Ne2 30. Qxc4 Qxc4 31. Nxc4 Nc3+ 32. Kc1 Nxa4 33. Rd6 Rf4 34. b3 Nc3 35. Re1 Nb5 36. Rd7 Rbf8 37. Rg7+ Kh8 38. Ree7 1-0

[Event "Veliko Gradiste Silver Lake op"]
[Site "Veliko Gradiste"]
[Date "2018.06.19"]
[Round "4"]
[White "Savicevic, Vlatko"]
[Black "Ivanovic, Marko"]
[Result "1-0"]
[WhiteElo "2354"]
[BlackElo "2133"]
[PlyCount "98"]
[EventDate "2018.06.17"]
[EventType "swiss"]
[EventRounds "9"]
[EventCountry "SRB"]
[SourceTitle "CBM 185 Extra"]
[Source "ChessBase"]
[SourceDate "2018.07.29"]
[SourceVersion "1"]
[SourceVersionDate "2018.07.29"]
[SourceQuality "1"]

1. e4 c5 2. Nf3 a6 3. Nc3 b5 4. d4 cxd4 5. Nxd4 Bb7 6. Bd3 g6 7. Be3 d6 8. a4 b4 9. Na2 a5 10. c3 Nf6 11. cxb4 axb4 12. 0-0 Nxe4 13. Bb5+ Nd7 14. Nc6 Qc8 15. Rc1 Nec5 16. Bxc5 Bxc6 17. Bd4 Nc5 18. Bxc6+ Qxc6 19. Bxh8 Rxa4 20. Ra1 b3 21. Nc3 Rxa1 22. Qxa1 f6 23. Qa7 Kf7 24. Qb8 Qb7 25. Qxb7 Nxb7 26. Ra1 Nc5 27. Ra8 Nd3 28. Na4 h5 29. Rb8 Nc1 30. Nc3 Bh6 31. Kf1 Ke6 32. Ne2 Nd3 33. Rxb3 Ne5 34. Rb7 Bd2 35. Nd4+ Kf7 36. Nf3 Nxf3 37. gxf3 Bf4 38. h3 d5 39. b4 Ke6 40. Ke2 Be5 41. Kd3 Kd6 42. b5 g5 43. Bg7 Ke6 44. Bf8 Bd6 45. b6 h4 46. Bxe7 Be5 47. Bc5 f5 48. Re7+ Kf6 49. Rxe5 Kxe5 1-0

[Event "Veliko Gradiste Silver Lake op"]
[Site "Veliko Gradiste"]
[Date "2018.06.18"]
[Round "3"]
[White "Kasparova, Tatiana"]
[Black "Savicevic, Vlatko"]
[Result "0-1"]
[WhiteElo "2119"]
[BlackElo "2354"]
[PlyCount "66"]
[EventDate "2018.06.17"]
[EventType "swiss"]
[EventRounds "9"]
[EventCountry "SRB"]
[SourceTitle "CBM 185 Extra"]
[Source "ChessBase"]
[SourceDate "2018.07.29"]
[SourceVersion "1"]
[SourceVersionDate "2018.07.29"]
[SourceQuality "1"]

1. e4 d6 2. d4 Nf6 3. Nc3 g6 4. Nge2 Bg7 5. h3 Nbd7 6. g3 b5 7. a3 Bb7 8. Bg2 a6 9. 0-0 e5 10. d5 0-0 11. Be3 Qb8 12. Qd2 c6 13. dxc6 Bxc6 14. Rfd1 Qb7 15. Qxd6 Rfe8 16. f3 Bf8 17. Qd2 Nb6 18. Qc1 Rac8 19. b3 a5 20. Bf2 Rc7 21. Qb2 Nfd7 22. Na2 Rec8 23. c3 f5 24. exf5 gxf5 25. Rd3 e4 26. fxe4 fxe4 27. Re3 Nd5 28. Rxe4 N5f6 29. Rg4+ Nxg4 30. Bxc6 Rxc6 31. hxg4 Rh6 32. Kf1 Re8 33. Ng1 Rh2 0-1

[Event "SRB-ch sf"]
[Site "Zrenjanin"]
[Date "2018.02.20"]
[Round "7"]
[White "Ivic, Velimir"]
[Black "Savicevic, Vlatko"]
[Result "1/2-1/2"]
[WhiteElo "2415"]
[BlackElo "2352"]
[PlyCount "37"]
[EventDate "2018.02.16"]
[EventType "swiss"]
[EventRounds "9"]
[EventCountry "SRB"]
[SourceTitle "CBM 183 Extra"]
[Source "ChessBase"]
[SourceDate "2018.04.19"]
[SourceVersion "1"]
[SourceVersionDate "2018.04.19"]
[SourceQuality "1"]

1. e4 d6 2. d4 Nf6 3. Nc3 g6 4. f4 Bg7 5. Nf3 0-0 6. e5 dxe5 7. fxe5 Nd5 8. Bc4 Nxc3 9. bxc3 c5 10. 0-0 Bg4 11. h3 Bxf3 12. Qxf3 Nc6 13. Bg5 cxd4 14. Bxf7+ Kh8 15. Qe4 dxc3 16. Bxg6 hxg6 17. Qh4+ Kg8 18. Qc4+ Kh8 19. Qh4+ 1/2-1/2

[Event "SRB-ch sf"]
[Site "Zrenjanin"]
[Date "2018.02.18"]
[Round "5"]
[White "Nestorovic, Nikola"]
[Black "Savicevic, Vlatko"]
[Result "1-0"]
[WhiteElo "2504"]
[BlackElo "2352"]
[PlyCount "71"]
[EventDate "2018.02.16"]
[EventType "swiss"]
[EventRounds "9"]
[EventCountry "SRB"]
[SourceTitle "CBM 183 Extra"]
[Source "ChessBase"]
[SourceDate "2018.04.19"]
[SourceVersion "1"]
[SourceVersionDate "2018.04.19"]
[SourceQuality "1"]

1. e4 d6 2. d4 Nf6 3. Nc3 g6 4. Bg5 Bg7 5. Qd2 c6 6. f4 0-0 7. Nf3 d5 8. Bd3 dxe4 9. Nxe4 Nbd7 10. 0-0-0 Nxe4 11. Bxe4 Nf6 12. Bxf6 Bxf6 13. h4 Bg4 14. h5 e6 15. hxg6 fxg6 16. Qe3 Qb6 17. c3 Rae8 18. Rde1 Qa5 19. a3 Bf5 20. Nd2 Bxe4 21. Nxe4 Qd5 22. g4 b6 23. Qh3 Qd7 24. f5 gxf5 25. gxf5 Kh8 26. Qh6 Qg7 27. Qxg7+ Bxg7 28. Nd6 Rd8 29. Rxe6 Rd7 30. Kc2 Rf6 31. Rxf6 Bxf6 32. Ne4 Kg7 33. a4 Rf7 34. b4 Be7 35. Rh5 h6 36. b5 1-0

[Event "SRB-ch sf"]
[Site "Zrenjanin"]
[Date "2018.02.17"]
[Round "3"]
[White "Antic, Dejan"]
[Black "Savicevic, Vlatko"]
[Result "1/2-1/2"]
[WhiteElo "2461"]
[BlackElo "2352"]
[PlyCount "53"]
[EventDate "2018.02.16"]
[EventType "swiss"]
[EventRounds "9"]
[EventCountry "SRB"]
[SourceTitle "CBM 183 Extra"]
[Source "ChessBase"]
[SourceDate "2018.04.19"]
[SourceVersion "1"]
[SourceVersionDate "2018.04.19"]
[SourceQuality "1"]

1. d4 d5 2. c4 e6 3. Nf3 a6 4. cxd5 exd5 5. Nc3 Nf6 6. Bg5 Be7 7. e3 c6 8. Qc2 Nbd7 9. h3 0-0 10. Bd3 Re8 11. 0-0-0 Nf8 12. g4 Be6 13. Ne5 N6d7 14. Bxe7 Qxe7 15. f4 f6 16. Nf3 Bf7 17. Rde1 c5 18. g5 Rac8 19. Kb1 b5 20. gxf6 Qxf6 21. Ng5 Kh8 22. Qg2 Nb6 23. dxc5 Rxc5 24. e4 Bg6 25. f5 Rxc3 26. bxc3 Bh5 27. Rhg1 1/2-1/2